| 000 | 00427nam a2200133Ia 4500 | ||
|---|---|---|---|
| 008 | 170221s9999 xx 000 0 und d | ||
| 100 | _aMark Wilson | ||
| 245 | _aInformation Asymmetry and Dual Distribution in Franchise Networks (pages 1121–1153) | ||
| 245 | _cMark Wilson and Greg Shailer | ||
| 260 | _c2015 | ||
| 300 | _a4 : 4 | ||
| 650 | _xBusiness | ||
| 856 | _uhttp://onlinelibrary.wiley.com/doi/10.1111/jbfa.12161/pdf | ||
| 999 |
_c311481 _d311481 |
||